00460nam a2200169Ia 4500003000400000005001700004008004100021020001800062040000600080041001200086082002000098100003800118245004500156260004400201300001600245650002900261OSt20250127142345.0231217s9999 xx 000 0 und d a9788184952797 c0 aEnglish a650.3 BUT;1 R aButler, Michael. Rose, Edward ed. 0aIntroduction to organisational behaviour c2011bJaico Publishing HouseaAhmedabad axxxiii, 503 aorganisational,behaviour